Oxford English for information technology

में बचाया:
ग्रंथसूची विवरण
मुख्य लेखक: Glendining, Eric H.
स्वरूप: पुस्तक
भाषा:Undetermined
प्रकाशित: Oxford Oxford University Press 2002
विषय:
टैग : टैग जोड़ें
कोई टैग नहीं, इस रिकॉर्ड को टैग करने वाले पहले व्यक्ति बनें!
Thư viện lưu trữ: Trung tâm Học liệu Trường Đại học Cần Thơ
LEADER 00564nam a2200205Ia 4500
001 CTU_94796
008 210402s9999 xx 000 0 und d
020 |c 197000 
082 |a 428 
082 |b G558 
100 |a Glendining, Eric H. 
245 0 |a Oxford English for information technology 
245 0 |c Eric H. Glendining, John McEwan 
260 |a Oxford 
260 |b Oxford University Press 
260 |c 2002 
650 |a English language 
650 |x Study and teaching 
904 |i Năm 
980 |a Trung tâm Học liệu Trường Đại học Cần Thơ